Cities That Hosted The Summer Olympics More Than Once - Statistics

General Stats
  • This quiz has been taken 146 times
  • The average score is 4 of 5
Answer Stats
# City % Correct
3 London
95%
3 Paris
95%
2 Los Angeles
88%
2 Athens
84%
2 Tokyo
82%
No matching quizzes found
Score Distribution
Percent of People with Each Score
Percentile by Number Answered
Your Score History
You have not taken this quiz